Global imbalances in the current world

Globálne porušenie rovnováhy. Deficit súčasnej účtovnej bilancie v USA. Situácia v ázijských ekonomikách v čase finančnej krízy. Čo treba robiť pre riešenie problému globálnej nerovnováhy.

Gespeichert in:
Bibliographische Detailangaben
1. Verfasser: Sinproh, Chalotorn
Format: Buchkapitel
Sprache:Englisch
Schlagworte:
Tags: Tag hinzufügen
Keine Tags, Fügen Sie das erste Tag hinzu!

MARC

LEADER 00000nla$a2200000$$$4500
001 0137168
005 20240502083329.8
041 0 |a eng 
044 |a CZ 
245 1 0 |a Global imbalances in the current world  |c Chalotorn Sinproh 
520 |a Globálne porušenie rovnováhy. Deficit súčasnej účtovnej bilancie v USA. Situácia v ázijských ekonomikách v čase finančnej krízy. Čo treba robiť pre riešenie problému globálnej nerovnováhy. 
610 2 0 |a nerovnováha hospodárska 
610 2 0 |a deficit 
610 2 0 |a účty bežné 
610 2 0 |a uzávierka účtovná 
610 2 0 |a kríza finančná 
610 2 0 |a USA 
610 2 0 |a Čína 
100 1 |a Sinproh, Chalotorn